000 00624nam a22002177a 4500
999 _c3055
_d3055
003 OSt
005 20230927153724.0
008 230927b ||||| |||| 00| 0 eng d
020 _a9789670650173
040 _cKH8
082 _a400 ZAB
100 _aZabry Hazry,
_eauthor.
245 _aMusim Kemarau /
_cZabry Hazry
260 _aBukit Katil, Melaka :
_bPenerbit Eka,
_c2016.
300 _a24 pages :
_bcolour illustration ;
_c26 cm.
440 _aSiri Susuri Bencana Alam
650 _aChildren's stories
_vMalay
650 _aMalay language
_vForeign language
830 _aSiri Sususri Bencana Alam
942 _2ddc
_cTR